Дочо Михайлов (Запис номер 152212)
[ съкратено ]
| 000 -Лидер | |
|---|---|
| Контролно поле с фиксирана дължина | 02019nam a2200457 c 4500 |
| 003 - Код на организацията, давaща контролен номер | |
| Контролно поле | BLK |
| 005 - Дата и час на последна редакция | |
| Контролно поле | 20240621143258.0 |
| 008 - Елементи от данни с фиксирана дължина | |
| fixed length control field | 180410b bul|||||r ||||||| ||bul|| |
| 010 ## - Наследен системен номер | |
| LC control number | KNG00158658000 |
| 040 ## - Източник на каталожния запис | |
| Идентификатор на билиотеката - собственик на записа | BLK |
| 041 ## - Код за език | |
| Код за езика на текст/звукозапис или на отделно заглавие | Български |
| Код за езика КДБФ | Български |
| 072 #7 - Код за тематичната категория | |
| Код организация | bullib |
| Код за тематична категория | К |
| Текст | Краезнание |
| 080 ## - УДК | |
| Текстов определител УДК | Комунистически партии. Вж и 327.323 |
| УДК код - определител по УДК | 329.15 |
| УДК определител | (497.15)БКП(092) |
| УДК - код + определител | 329.15(497.15)БКП(092) |
| 080 ## - УДК | |
| Текстов определител УДК | Български комунист, революционер и политически деец, един от ръководителите на добруджанското освободително движение |
| УДК код - определител по УДК | 929 Михайлов, Дочо |
| УДК - код + определител | 929 Михайлов, Дочо |
| 100 1# - Редна дума - Автор | |
| Автор | Генчев, Тодор |
| Авторска отговорност | първи автор |
| R(LIN) | 267582 |
| 139 ## - Редно поле | |
| Редна дума | Генчев, Тодор и др. |
| Авторски знак | Мих - М 73 |
| 245 10 - Сведения за заглавието | |
| Заглавие | Дочо Михайлов |
| Подзаглавни данни | Биогр. очерк |
| Редно поле (дума) | Тодор Генчев; съавт. Иван Георгиев. |
| 250 ## - Област на изданието | |
| Сведения за изданието | 2. прераб. и доп. изд. |
| 257 ## - Страна на издаване | |
| Страна на създаване/издаване | България |
| 260 ## - Област на издателските данни | |
| Име на издателя, разпространителя и проч. | БКП |
| Година на издаване | 1966 |
| Печатница | София : Димитър Благоев |
| 300 ## - Физическа характеристика | |
| Страници | 124 с., 3 л. |
| Илюстрации и др. | ил., 1 л. : факс |
| Размери/Мащаб | 15 см |
| 380 ## - Жанр | |
| Жанр | Обществени науки |
| 490 1# - СЕРИИ (Колекции) | |
| Име на серия | Библиотека Революционни борци |
| 500 ## - Общи забележки | |
| Забележка | 1. изд. 1957. - 10 100 тир. |
| 600 #0 - Име на лице, използвано като предмет | |
| За него / За нея | Михайлов, Дочо |
| Свързани дати | 1895-1926 |
| Пълна форма на името | Драганов, Дочо Михайлов |
| 9 (RLIN) | 370866 |
| 650 #4 - Допълнително описание по предмет – тема | |
| Основно описание – тема или топоним | БКП - дейци |
| 9 (RLIN) | 242529 |
| 651 #4 - Допълнително описание по предмет - топоним | |
| Географско понятие | България |
| 9 (RLIN) | 241624 |
| 653 ## - Ключова дума – ненормативна | |
| Ключова дума | БКП |
| 653 ## - Ключова дума – ненормативна | |
| Ключова дума | комунисти |
| 653 ## - Ключова дума – ненормативна | |
| Ключова дума | антифашисти |
| 659 ## - Тематичен бюлетин | |
| Тематичен бюлетин | К |
| 700 1# - Други автори (авторска отговорност) | |
| Лично име | Георгиев, Иван |
| Автороска отговорност (Описва отношението между автора и произведението) | съавт. |
| 9 (RLIN) | 364373 |
| 852 ## - Местоположение | |
| Форматна сигнатура | Цб І 8558 |
| 852 ## - Местоположение | |
| Форматна сигнатура | К 329(092)/М 73 Д |
| 856 4# - Електронен адрес и достъп | |
| Електронен формат | pdf - файл |
| 856 4# - Електронен адрес и достъп | |
| Електронен формат | pdf - файл |
| 999 ## - СИСТЕМНИ КОНТРОЛНИ НОМЕРА | |
| Koha biblionumber | 152212 |
| Koha biblioitemnumber | 152212 |
| 942 ## - АРТИКУЛИ | |
| Вид на библиотечния материал | Книги |
| Скрит в OPAC | Не |
| Периодичен библиозапис | Да |
| 944 ## - СЪЗДАВАНЕ И РЕДАКЦИЯ на ЗАПИСА | |
| Създаване/Редакция | Създаване |
| Дата на регистрацията/редакция | 26.03.2014 |
| Статус, дата на статуса | Русанова Ирена |
| Служител, извършил регистрацията/редакцията | 30542 |
| 944 ## - СЪЗДАВАНЕ И РЕДАКЦИЯ на ЗАПИСА | |
| Създаване/Редакция | Редакция |
| Дата на регистрацията/редакция | 26.03.2014 |
| Статус, дата на статуса | 26.03.2014 - от С1,Р / 26.03.2014 |
| 999 ## - СИСТЕМНИ КОНТРОЛНИ НОМЕРА | |
| Koha biblioitemnumber | 152212 |
| Код за отписване | Код за изгубен артикул | Източник на класификационната схема | Код за повреда | Коз за рестрикции | Код за отдаване | Артикулен № | Име на библиотеката - собственик | Име на библиотеката, в която се намира в момента | Статус (Текущо местоположение) | Дата на вписване в системата | Местоположение - отдел | Цена в лева | Инвентарен номер | Систематично азбучна сигнатура | Баркод | Номер на екземпляра | Цена в евро | Служебна бележка | Служебен тип на артикула |
|---|---|---|---|---|---|---|---|---|---|---|---|---|---|---|---|---|---|---|---|
| Не е изгубен | Universal Decimal Classification | Не е повреден | без рестрикции | ползва се в читалня | 254091 | Регионална библиотека "Любен Каравелов" Русе | Регионална библиотека "Любен Каравелов" Русе | Хранилище | 1966-01-01 | Хранилище | 0.27 | 12427/66 | Цб І 8558 | 900000029077 | 1 | 0.14 | Дост: Dp Вид: Д N: Сф Дата: 01.01.1966 | Книги | |
| Не е изгубен | Universal Decimal Classification | Не е повреден | без рестрикции | ползва се в читалня | 254092 | Регионална библиотека "Любен Каравелов" Русе | Регионална библиотека "Любен Каравелов" Русе | Краезнание | 1966-01-01 | Краезнание | 0.27 | 12057/66 | К 329(092)/М 73 Д | 900000003574 | 2 | 0.14 | N: Сф Дата: 01.01.1966 Дата инв: 13.11.2017 Бележки инв: К2017 | Книги |